| 000 | 003720000a22001090004500 | ||
|---|---|---|---|
| 090 |
_aAS _bSeriadas |
||
| 245 | 1 | 0 | _aOrigen y desarrollo de la sinanterología en Colombia |
| 041 | 0 | _aEspañol | |
| 100 | 1 |
_aDíaz Piedrahita, Santiago _995842 |
|
| 942 | _cARTICULO | ||
| 773 | 1 |
_tRevista de la Academia Colombiana de Ciencias Exactas, Fisicas y Naturales _332 _h65 _q189-206 _d1989 _g17 |
|
| 999 |
_c14106 _d14106 |
||